[Event "Alberta-ch U20"]
[Site "Calgary"]
[Date "2011.11.05"]
[Round "3"]
[White "Singh, Krishneel"]
[Black "De Guzman, Jeff Anthony"]
[Result "0-1"]
[WhiteElo "1812"]
[BlackElo "1704"]
[PlyCount "38"]
[EventDate "2011.11.05"]
[EventType "swiss"]
[EventRounds "5"]
[EventCountry "CAN"]
[SourceTitle "EXT 2022"]
[Source "ChessBase"]
[SourceDate "2021.10.06"]
[SourceVersion "1"]
[SourceVersionDate "2021.10.06"]
[SourceQuality "1"]

1. d4 Nf6 2. Nf3 d5 3. Bg5 Ne4 4. Bh4 c5 5. c3 Qb6 6. Qb3 e6 7. e3 Bd7 8. Nbd2 Nxd2 9. Nxd2 c4 10. Qc2 f5 11. b3 cxb3 12. axb3 Nc6 13. Bd3 Rc8 14. g4 Nb4 15. Qb1 Rxc3 16. Nc4 dxc4 17. Bxc4 Nc2+ 18. Kd2 Bb4 19. Ra2 Rxc4+ 0-1

[Event "Calgary March of Kings"]
[Site "Calgary"]
[Date "2010.03.06"]
[Round "1"]
[White "Singh, Krishneel"]
[Black "Kalaydina, Regina Veronicka"]
[Result "0-1"]
[WhiteElo "1184"]
[BlackElo "1923"]
[PlyCount "52"]
[EventDate "2010.03.06"]
[EventType "swiss"]
[EventRounds "5"]
[EventCountry "CAN"]
[SourceTitle "EXT 2011"]
[Source "ChessBase"]
[SourceDate "2010.11.26"]
[SourceVersion "1"]
[SourceVersionDate "2010.11.26"]
[SourceQuality "1"]

1. e4 c5 2. Nf3 e6 3. c3 Nc6 4. Bb5 a6 5. Ba4 Nf6 6. e5 Nd5 7. d4 b5 8. Bb3 d6 9. 0-0 dxe5 10. dxe5 c4 11. Bc2 Be7 12. Nbd2 Qc7 13. Re1 Bb7 14. Ne4 Nxe5 15. Nxe5 Qxe5 16. Nc5 Qc7 17. Nxe6 fxe6 18. Rxe6 Nf6 19. Bg5 0-0 20. Qe2 Bd8 21. Re1 Qf7 22. Rd1 Bd5 23. Rd6 Bc7 24. Rxf6 gxf6 25. Rxd5 Qxd5 26. Bxh7+ Kg7 0-1